Женщины на Российском престоле
| Main Author: | |
|---|---|
| Summary: | Новая книга известного петербургского писателя-историка посвящена "веку женщин" — так нередко называют российский XVIII век, когда империей правили Екатерина I (1725-1727), Анна Ивановна (1730-1740), Анна Леопольдовна (1740—1741), Елизавета Петровна (1741-1761) и Екатерина II (1762-1796). Не скрывая эмоционального отношения к своим героиням, автор предлагает читателям вглядеться в них с сочувствием и пониманием, отбросив привычные ярлыки и стереотипы. Сочетание строгой документальности фактического материала с легкостью его изложения делает книгу своеобразным учебником отечественной истории, который с равным увлечением прочтут и взрослые, и дети. Книга рассчитана на широкий круг читателей. |
| Language: | Russian |
| Published: |
Санкт-Петербург, Норинт, 1998
|
| Subjects: |
Екатерина
> I
> 1684-1727
> урожденная Марта Самуиловна Скавронская
> российская императрица (1725-1727)
Анна Ивановна
> 1693-1740
> российская императрица из династии Романовых (1730-1740)
> дочь царя Ивана V, племянница Петра I, герцогиня Курляндская с 1710 г.
Анна Леопольдовна
> правительница России при малолетнем сыне Иване VI из династии Романовых
> 1718-1746
> дочь царевны Екатерины Иоанновны, внучка Ивана V
Елизавета Петровна
> 1709-1761/1762
> российская императрица из династии Романовых (1741-1762)
> дочь Петра I
|
| Format: | Book |
| KOHA link: | https://koha.lib.tpu.ru/cgi-bin/koha/opac-detail.pl?biblionumber=8112 |
MARC
| LEADER | 00000nam0a2200000 4500 | ||
|---|---|---|---|
| 001 | 8112 | ||
| 005 | 20231030181657.0 | ||
| 010 | |a 577110003X | ||
| 035 | |a (RuTPU)RU\TPU\book\8158 | ||
| 035 | |a BOOK00008217 | ||
| 090 | |a 8112 | ||
| 100 | |a 20011209d1998 m y0rusy50 ca | ||
| 101 | 0 | |a rus | |
| 102 | |a RU | ||
| 105 | |a a z 000zd | ||
| 200 | 1 | |a Женщины на Российском престоле |f Е. В. Анисимов | |
| 210 | |a Санкт-Петербург |c Норинт |d 1998 | ||
| 215 | |a 416 с. |c ил. | ||
| 330 | |a Новая книга известного петербургского писателя-историка посвящена "веку женщин" — так нередко называют российский XVIII век, когда империей правили Екатерина I (1725-1727), Анна Ивановна (1730-1740), Анна Леопольдовна (1740—1741), Елизавета Петровна (1741-1761) и Екатерина II (1762-1796). Не скрывая эмоционального отношения к своим героиням, автор предлагает читателям вглядеться в них с сочувствием и пониманием, отбросив привычные ярлыки и стереотипы. Сочетание строгой документальности фактического материала с легкостью его изложения делает книгу своеобразным учебником отечественной истории, который с равным увлечением прочтут и взрослые, и дети. Книга рассчитана на широкий круг читателей. | ||
| 600 | 0 | |a Екатерина |d I |f 1684-1727 |c урожденная Марта Самуиловна Скавронская |c российская императрица (1725-1727) |2 stltpush |3 (RuTPU)RU\TPU\pers\123 | |
| 600 | 0 | |a Анна Ивановна |f 1693-1740 |c российская императрица из династии Романовых (1730-1740) |c дочь царя Ивана V, племянница Петра I, герцогиня Курляндская с 1710 г. |2 stltpush |3 (RuTPU)RU\TPU\pers\6871 | |
| 600 | 0 | |a Анна Леопольдовна |c правительница России при малолетнем сыне Иване VI из династии Романовых |f 1718-1746 |c дочь царевны Екатерины Иоанновны, внучка Ивана V |2 stltpush |3 (RuTPU)RU\TPU\pers\11229 | |
| 600 | 0 | |a Елизавета Петровна |f 1709-1761/1762 |c российская императрица из династии Романовых (1741-1762) |c дочь Петра I |2 stltpush |3 (RuTPU)RU\TPU\pers\6024 | |
| 600 | 0 | |a Екатерина Великая |d II |f 1729-1796 |c российская императрица (1762-1796) |c урожденная принцесса Софья Фредерика Августа Ангальт-Цербстская |2 stltpush |3 (RuTPU)RU\TPU\pers\98 | |
| 606 | 1 | |a Деятели общественные и государственные, российские |z кон. 17 в.-1917 |x Персоналии |2 stltpush |3 (RuTPU)RU\TPU\subj\65173 | |
| 610 | 1 | |a история | |
| 610 | 1 | |a Россия | |
| 610 | 1 | |a 18 век | |
| 610 | 1 | |a женщины | |
| 610 | 1 | |a персоналии | |
| 686 | |a Т3(2)5-8 |v LBC/SL-A |2 rubbk | ||
| 700 | 1 | |a Анисимов |b Е. В. |g Евгений Викторович | |
| 801 | 0 | |a RU |b 63413507 |c 20011209 |g PSBO | |
| 801 | 2 | |a RU |b 63413507 |c 20220818 |g PSBO | |
| 942 | |c BK | ||